000 00710cab a2200229 4500
001 ABS54584
008 090401t1996 xxu||||| |||| 00| 0 eng d
035 _a(Sirsi) u11207
041 _aeng
100 _aCarpenter, A.
245 _aAuthority figures
260 _c1996
350 _a0
490 _aProperty Week
_v54(7) 15 February 1996, 37(1)
520 _aReviews how Brent Council went about awarding its facilities management contract to a private company - the first council to outsource all town hall FM work.
650 _aBRENT LBC
650 _aFACILITIES MANAGEMENT
_96240
650 _aOUTSOURCING
690 _aOFFICE SERVICES AND ADMINISTRATION
942 _n0
948 _c04/03/1997
999 _c7131
_d7131